| 000 | 01144nam0a2200325 i 4500 | ||
|---|---|---|---|
| 001 | RU\NLR\bibl\1932752 | ||
| 005 | 20241103111126.0 | ||
| 010 | _a9785397031691 | ||
| 021 |
_aRU _b2012-52758 _93850 |
||
| 035 | _a(NLR Aleph) 001922097 | ||
| 090 |
_a3320233 _c3320233 |
||
| 100 | _a20120808d2012 u y0rusy50 ca | ||
| 101 | 0 | _arus | |
| 102 | _aRU | ||
| 105 | _ay ||||||||| | ||
| 200 | 1 |
_aБиологическая и социально-экономическая эволюция европейской части человечества _fС.В. Бойко |
|
| 210 |
_aМосква _cURSS _cЛИБРОКОМ _d2012 |
||
| 215 |
_a366 с. _d22 |
||
| 225 | 1 | _aRelata Refero | |
| 320 | _aБиблиогр.: с. 363-366 (105 назв.) | ||
| 606 | 1 |
_aЭтногенез _91697988 _3RU\NLR\auth\66755518 |
|
| 606 |
_aВсеобщая история _91324332 _3RU\NLR\auth\66234889 |
||
| 686 | _aТ3(0)0,02 | ||
| 700 | 1 |
_aБойко _bС. В. _gСергей Владимирович _4070 |
|
| 801 | 0 |
_aRU _bNLR _c20120808 _gRCR |
|
| 801 | 1 |
_aRU _bNLR _c20120808 |
|
| 830 | _aавт. по кн. | ||
| 942 | _cBOOK | ||
| 980 | _aNBR | ||